000 00480cam a2200169u 4500
001 unk84180811
003 DLC
005 20260227112802.0
008 841204q gw 000 0 ger
010 _aunk84180811
040 _aDLC
_cCarP
_dDLC
050 0 0 _aM1580
_b.S3
100 1 _aSchäffer, Heinrich,
_d1808-1874.
245 1 0 _aVierstimmige lieder für manner-stimmen der Hamburger Liedertafel
260 _aHamburg,
_bbei Joh. Aug. Böhme,
_c[18-]
300 _a1 v.
_c28 cm.
999 _c91575
_d91575